ARRUPE JESUIT UNIVERSITY

CORONAVIRUS -STOP THE SPREAD - CLEAN,DISINFECT,COVER

Le cycle d'Elsa, Aragon : (Record no. 124318)

MARC details
000 -LEADER
fixed length control field 00950cam a2200337 i 4500
001 - CONTROL NUMBER
control field 573059
003 - CONTROL NUMBER IDENTIFIER
control field ARRUPE
005 - DATE AND TIME OF LATEST TRANSACTION
control field 20160304113859.0
008 - FIXED-LENGTH DATA ELEMENTS--GENERAL INFORMATION
fixed length control field 741224s1974 fr b 000 0 fre
010 ## - LIBRARY OF CONGRESS CONTROL NUMBER
LC control number 74194993 //r923
015 ## - NATIONAL BIBLIOGRAPHY NUMBER
National bibliography number F***
020 ## - INTERNATIONAL STANDARD BOOK NUMBER
International Standard Book Number 2218025418
035 ## - SYSTEM CONTROL NUMBER
System control number (OCoLC)ocm01273120
035 ## - SYSTEM CONTROL NUMBER
System control number (CStRLIN)NYCG87-B5285
035 ## - SYSTEM CONTROL NUMBER
System control number (NNC)573059
040 ## - CATALOGING SOURCE
Original cataloging agency DLC
Transcribing agency DLC
050 00 - LIBRARY OF CONGRESS CALL NUMBER
Classification number PQ2601.R2
Item number Z80
082 00 - DEWEY DECIMAL CLASSIFICATION NUMBER
Classification number 848/.9/1209
300 ## - PHYSICAL DESCRIPTION
Dimensions 18 cm.
100 1# - MAIN ENTRY--PERSONAL NAME
Personal name Lecherbonnier, Bernard.
9 (RLIN) 22756
245 13 - TITLE STATEMENT
Title Le cycle d'Elsa, Aragon :
Remainder of title analyse critique /
Statement of responsibility, etc by Bernard Lecherbonnier.
260 ## - PUBLICATION, DISTRIBUTION, ETC. (IMPRINT)
Place of publication, distribution, etc Paris :
Name of publisher, distributor, etc Hatier,
Date of publication, distribution, etc 1974
300 ## - PHYSICAL DESCRIPTION
Extent 79p. ;
490 1# - SERIES STATEMENT
Series statement Le Profil d'une œuvre ; 48
504 ## - BIBLIOGRAPHY, ETC. NOTE
Bibliography, etc Discography: p. 79-[80]
504 ## - BIBLIOGRAPHY, ETC. NOTE
Bibliography, etc Bibliography: p. 78-79.
600 10 - SUBJECT ADDED ENTRY--PERSONAL NAME
Personal name Aragon, Louis, Le cycle d'Elsa
9 (RLIN) 22757
830 #0 - SERIES ADDED ENTRY--UNIFORM TITLE
Uniform title Profil d'une œuvre ;
Volume number/sequential designation 48.
9 (RLIN) 22758
942 ## - ADDED ENTRY ELEMENTS (KOHA)
Source of classification or shelving scheme Library of Congress Classification
Koha item type Monograph ( Printed materials)
Holdings
Withdrawn status Lost status Source of classification or shelving scheme Damaged status Not for loan Collection code Home library Current library Shelving location Date acquired Total Checkouts Full call number Barcode Date last seen Price effective from Koha item type
    Library of Congress Classification     Main Collection ARRUPE LIBRARY ARRUPE LIBRARY Main Collection 04/03/2016   PQ2601.R2Z80 46500006726 26/03/2019 04/03/2016 Monograph ( Printed materials)

 

Arrupe Library. PO Box MP320 Mt Pleasant, Harare, Zimbabwe
263 242 745411|librarian@aju.ac.zw